| 000 | 00497nam a22001697a 4500 | ||
|---|---|---|---|
| 999 |
_c41007 _d41007 |
||
| 003 | OSt | ||
| 005 | 20210226111006.0 | ||
| 008 | 210225b ||||| |||| 00| 0 eng d | ||
| 020 | _a9789350132456 | ||
| 040 | _coclc | ||
| 082 |
_a371.271 _bJAI/N |
||
| 100 |
_98482 _aJain, B B |
||
| 245 |
_aNavodaya Vidyalaya Samiti : _bPGT Recruitment Test English / _c B B Jain |
||
| 260 |
_aAgra: _bUpkar's, _c2010. |
||
| 300 | _a280p | ||
| 942 |
_2ddc _cBK _iJAI/N _k371.27 _mJAI/N _h371.27 |
||